000
00477nam a2200169Ia 4500
008
100122s9999 xx 000 0 und d
082
_b
41387
_a
823
100
_a
जाधव टि के
245
_a
नागमणी
250
_a
1
260
_b
मेहता पब्लिशिंग हाऊस
_c
1987
300
_a
130
630
_a
नागमणी
700
_a
प्रीतम अमृृता
730
_a
नागमणी
942
_c
BOOK
999
_c
422042
_d
422039